000 00747cam a22002533a 4500
001 7011
003 PGUSA
005 20140828083139.0
008 041201s2004||||xxu|||||s|||||000 1 eng d
040 _aPGUSA
_beng
042 _adc
050 4 _aPQ
100 1 _aZola, Émile,
_d1840-1902
245 1 4 _aThe Flood
_h[electronic resource] /
_cÉmile Zola
260 _bProject Gutenberg,
_c2004
506 _aPublic domain in the USA.
516 _aElectronic text
653 _aGaronne River (Spain and France) -- Fiction
653 _aDisaster victims -- Fiction
653 _aFloods -- France -- Toulouse -- 19th century -- Fiction
830 0 _aProject Gutenberg
_v7011
856 4 0 _uhttp://www.gutenberg.org/ebooks/7011
942 _cEB
999 _c236331
_d236331